| 000 | 00607nam a2200193Ia 4500 | ||
|---|---|---|---|
| 005 | 20250508151443.0 | ||
| 008 | 008 250505s9999 xx 000 0 eng d | ||
| 037 | _aBooks to be hide in OPAC | ||
| 040 |
_aFEDL _beng _cFEDL |
||
| 041 |
_aeng _2eng |
||
| 084 |
_a371.97, IND/O _qFEDL |
||
| 245 | 0 | _aProgress of the scheduled castes, scheduled tribes and other backward classes scholarships scheme | |
| 245 | 0 | _cIndia,. Education (Ministry of...) | |
| 260 | _c1954 | ||
| 300 | _a44p. | ||
| 650 |
_aScholarships scheme _9759180 |
||
| 942 |
_cHB _h371.97, IND/O |
||
| 999 |
_c1329901 _d1329901 |
||